Integrating spiritual care for inpatients and the wellness of patients at Korle-Bu Teaching Hospital in the Accra City Conference of the Seventh-day Adventist Church / (Record no. 25144)

MARC details
000 -LEADER
fixed length control field 00637nam a22001697a 4500
003 - CONTROL NUMBER IDENTIFIER
control field AUA.1
005 - DATE AND TIME OF LATEST TRANSACTION
control field 20251015094615.0
008 - FIXED-LENGTH DATA ELEMENTS--GENERAL INFORMATION
fixed length control field 250702b |||||||| |||| 00| 0 eng d
040 ## - CATALOGING SOURCE
Transcribing agency JTL
100 ## - MAIN ENTRY--PERSONAL NAME
Relator code Sewor, Prince Obed
245 ## - TITLE STATEMENT
Title Integrating spiritual care for inpatients and the wellness of patients at Korle-Bu Teaching Hospital in the Accra City Conference of the Seventh-day Adventist Church /
Statement of responsibility, etc Prince Obed Sewor.
260 ## - PUBLICATION, DISTRIBUTION, ETC. (IMPRINT)
Date of publication, distribution, etc c2023.
300 ## - PHYSICAL DESCRIPTION
Extent viii, 87 leaves :
Other physical details Illustration :
Dimensions 30cm.
650 ## - SUBJECT ADDED ENTRY--TOPICAL TERM
Topical term or geographic name as entry element Chaplains, Hospital
650 ## - SUBJECT ADDED ENTRY--TOPICAL TERM
Topical term or geographic name as entry element Korle-Bu Teaching Hospital
942 ## - ADDED ENTRY ELEMENTS (KOHA)
Source of classification or shelving scheme AUA Inhouse Classification
Koha item type Project
Classification part MChap
Item part .S49 2023
Holdings
Withdrawn status Lost status Source of classification or shelving scheme Damaged status Not for loan Collection code Home library Current library Shelving location Date acquired Source of acquisition Cost, normal purchase price Serial Enumeration / chronology Total Checkouts Full call number Barcode Date last seen Cost, replacement price Price effective from Koha item type
    Library of Congress Classification     JTL Research Collection Judith Thomas Library Judith Thomas Library Judith Thomas Library Research Section 02/07/2025 Theological Seminary 25.00 AUA27872   MChap .S49 2023 AUA27872 02/07/2025 25.00 02/07/2025 Project